LIBRARY ONLINE CATALOGUE

Hard sayings of the Bible / (Record no. 21525)

MARC details
000 -LEADER
fixed length control field 01162cam a2200325 a 4500
001 - CONTROL NUMBER
control field 690954
003 - CONTROL NUMBER IDENTIFIER
control field OSt
005 - DATE AND TIME OF LATEST TRANSACTION
control field 20260317115208.0
008 - FIXED-LENGTH DATA ELEMENTS--GENERAL INFORMATION
fixed length control field 960701s1996 ilu b 001 0 eng
010 ## - LIBRARY OF CONGRESS CONTROL NUMBER
LC control number 96028488
020 ## - INTERNATIONAL STANDARD BOOK NUMBER
International Standard Book Number 083081423X
Qualifying information cloth : alk. paper
035 ## - SYSTEM CONTROL NUMBER
System control number 690954
040 ## - CATALOGING SOURCE
Original cataloging agency DLC
Transcribing agency DLC
Modifying agency DLC
050 00 - LIBRARY OF CONGRESS CALL NUMBER
Classification number BS511.2
Item number .H36 1996
082 00 - DEWEY DECIMAL CLASSIFICATION NUMBER
Classification number 220.6
Edition number 20
245 00 - TITLE STATEMENT
Title Hard sayings of the Bible /
Statement of responsibility, etc. Walter C. Kaiser, Jr. ... [et al.].
260 ## - PUBLICATION, DISTRIBUTION, ETC. (IMPRINT)
Place of publication, distribution, etc. Downers Grove, Ill. :
Name of publisher, distributor, etc. InterVarsity Press,
Date of publication, distribution, etc. c1996.
300 ## - PHYSICAL DESCRIPTION
Extent 808 p. ;
Dimensions 24 cm.
336 ## - CONTENT TYPE
Content type term text
Content type code txt
Source rdacontent
337 ## - MEDIA TYPE
Media type term unmediated
Media type code n
Source rdamedia
338 ## - CARRIER TYPE
Carrier type term volume
Carrier type code nc
Source rdacarrier
504 ## - BIBLIOGRAPHY, ETC. NOTE
Bibliography, etc Includes bibliographical references and indexes.
630 00 - SUBJECT ADDED ENTRY--UNIFORM TITLE
Uniform title Bible
General subdivision Criticism, interpretation, etc.
630 00 - SUBJECT ADDED ENTRY--UNIFORM TITLE
Uniform title Bible
General subdivision Evidences, authority, etc.
700 1# - ADDED ENTRY--PERSONAL NAME
Personal name Kaiser, Walter C.,
Titles and other words associated with a name Jr.
Fuller form of name (Walter Christian),
Dates associated with a name 1933-
906 ## - LOCAL DATA ELEMENT F, LDF (RLIN)
a 7
b cbc
c orignew
d 1
e ocip
f 19
g y-gencatlg
942 ## - ADDED ENTRY ELEMENTS (KOHA)
Source of classification or shelving scheme Library of Congress Classification
Koha item type General Collection
Holdings
Withdrawn status Lost status Source of classification or shelving scheme Not for loan Home library Current library Shelving location Date acquired Source of acquisition Inventory number Total Checkouts Full call number Barcode Date last seen Copy number Price effective from Koha item type
    Library of Congress Classification   Kabarak, Main Campus Kabarak, Main Campus General Stacks 17/03/2026 Donation 2025/2257   BS511.2 .H36 1996 C.1 38999 17/03/2026 C.1 17/03/2026 General Collection
    Library of Congress Classification   Kabarak, Main Campus Kabarak, Main Campus General Stacks 17/03/2026 Donation 2025/3615   BS511.2 .H36 1996 C.2 39804 18/03/2026 C.2 17/03/2026 General Collection